closure - Henry Moodie (All lyrics) - Statistics

General Stats
  • This quiz has been taken 29 times
  • The average score is 276 of 323
Answer Stats
Lyrics % Correct
closure
100%
do
100%
I
100%
me
100%
my
100%
So
100%
so
100%
you
100%
You
100%
but
95%
But
95%
can't
95%
cheated
95%
feel
95%
get
95%
how
95%
hurt
95%
mess
95%
once
95%
over
95%
reason
95%
that
95%
the
95%
to
95%
up
95%
you're
95%
a
90%
feelings
90%
lied
90%
never
90%
something
90%
don't
86%
know
86%
of
86%
still
86%
try
86%
an
81%
be
81%
could
81%
ever
81%
go
81%
I'm
81%
let
81%
not
81%
tried
81%
We
81%
we
81%
alone
76%
And
76%
close
76%
else
76%
is
76%
it
76%
like
76%
meant
76%
we're
76%
best
71%
break
71%
did
71%
end
71%
even
71%
it's
71%
It's
71%
our
71%
pieces
71%
someone
71%
there
71%
thing
71%
When
71%
bad
67%
days
67%
didn't
67%
fight
67%
gonna
67%
happened
67%
I've
67%
luck
67%
nothing
67%
reminds
67%
trust
67%
us
67%
wrong
67%
between
62%
bitter
62%
fall
62%
Felt
62%
kept
62%
loud
62%
Maybe
62%
maybe
62%
nightmare
62%
ocean
62%
Rewrite
62%
Silence
62%
things
62%
whole
62%
world
62%
always
57%
apart
57%
feels
57%
settled
57%
there's
57%
tryna
57%
Flashbacks
52%
hard
52%
If
52%
out
52%
villainise
52%
fill
43%
now
43%
hurted
24%
getting
10%
esle
5%
No matching quizzes found
Score Distribution
Percent of People with Each Score
Percentile by Number Answered
Your Score History
You have not taken this quiz